00364 2200145 4500001002100000005001500021035002000036245004900056100001300105300003100118260003300149082000600182084001200188020001800200INLIS00000000000026520230724085554 a0010-07230000051 aFantasteen :bThrough Then Limit /cVira Eka0 aVira Eka a148 hlm. :bilus. ;c20 cm aBandung :bDar! Mizan,c2016 aF aF VIR f a9786024202248